Logo Biblioteca

La sombra de la culpa / (Registro nro. 27)

Detalles MARC
000 -LEADER
fixed length control field 01250nam a22002177a 4500
003 - CONTROL NUMBER IDENTIFIER
control field OSt
005 - DATE AND TIME OF LATEST TRANSACTION
control field 20230710101910.0
008 - FIXED-LENGTH DATA ELEMENTS--GENERAL INFORMATION
fixed length control field 230705s2016 spa||||| |||| 00| 1 spa d
020 ## - INTERNATIONAL STANDARD BOOK NUMBER
International Standard Book Number 9789500437929
040 ## - CATALOGING SOURCE
Language of cataloging spa
Transcribing agency besoc
100 1# - MAIN ENTRY--PERSONAL NAME
Personal name Quentin, Patrick
Relator term autor
245 10 - TITLE STATEMENT
Title La sombra de la culpa /
Statement of responsibility, etc. Patrick Quentin ; traducción de María Enriqueta Manzanares
250 ## - EDITION STATEMENT
Edition statement 1a ed.
260 ## - PUBLICATION, DISTRIBUTION, ETC.
Place of publication, distribution, etc. Buenos Aires :
Name of publisher, distributor, etc. Emecé,
Date of publication, distribution, etc. 2015
300 ## - PHYSICAL DESCRIPTION
Extent 320 p.
490 ## - SERIES STATEMENT
Series statement El séptimo círculo / colección creada por Jorge Luis Borges y Adolfo Bioy Casares
520 ## - SUMMARY, ETC.
Summary, etc. Los planes de la acaudalada Mrs. Hadley para casar a su sobrino Chuck con Ala, sobrina de su marido, se ven perturbados por Don Saxby, cuya seductora personalidad le permite introducirse en el ambiente familiar. Su brusca aparición y sus ambiciosos fines amenazan cambiar el curso de la vida de todos. Pero súbitamente Don aparece asesinado en su departamento y desde ese momento comienzan a producirse los acontecimientos más inesperados y de las más extrema tensión, que llevan a un dramático final, totalmente sorpresivo [Nota del editor].
650 #4 - SUBJECT ADDED ENTRY--TOPICAL TERM
Topical term or geographic name entry element Literatura norteamericana
Form subdivision Novelas
Chronological subdivision Siglo XX
700 1# - ADDED ENTRY--PERSONAL NAME
Personal name Manzanares, María Enriqueta
Relator term traductor
942 ## - ADDED ENTRY ELEMENTS (KOHA)
Source of classification or shelving scheme Universal Decimal Classification
Koha item type Obra General
Suppress in OPAC No
Existencias
Withdrawn status Lost status Source of classification or shelving scheme Damaged status Not for loan Collection Home library Current library Date acquired Total checkouts Full call number Barcode Date last seen Price effective from Koha item type
    Universal Decimal Classification     Colección General Biblioteca Escuela de Ciencias Sociales Biblioteca Escuela de Ciencias Sociales 10/07/2023   82-312.4(73) Q3 000666 10/07/2023 10/07/2023 Obra General
Biblioteca de la Escuela Preuniversitaria en Ciencias Sociales y Humanísticas.
Riobamba 250 bis.
CP 2000 - Rosario - Santa Fe
E-Mail: biblioteca@esociales.unr.edu.ar